FBS Schools by Time Zone - Central - Statistics

General Stats
  • This quiz has been taken 65 times
  • The average score is 36 of 44
Answer Stats
School % Correct
Minnesota
100%
Illinois
98%
Texas
98%
Wisconsin
98%
Kansas
96%
Alabama
93%
Arkansas
93%
Iowa
93%
Kansas State
93%
Missouri
93%
Oklahoma
93%
Texas A&M
93%
Texas Tech
93%
Iowa State
91%
Oklahoma State
91%
Houston
89%
Louisiana State
89%
Arkansas State
87%
Baylor
87%
Mississippi
87%
Nebraska
87%
Northwestern
87%
Tulane
87%
Auburn
82%
Mississippi State
82%
Texas Christian
82%
Texas-San Antonio
80%
Vanderbilt
80%
Rice
78%
Southern Methodist
76%
Texas State
76%
Tulsa
76%
Louisiana-Monroe
73%
Louisiana Tech
73%
Memphis
73%
Northern Illinois
73%
Louisiana-Lafayette
69%
Troy
67%
South Alabama
64%
Southern Mississippi
64%
North Texas
62%
Alabama-Birmingham
58%
Western Kentucky
49%
Middle Tennessee State
40%
No matching quizzes found
Score Distribution
Percent of People with Each Score
Percentile by Number Answered
Your Score History
You have not taken this quiz